000 00331nam a2200133 i 4500
001 bg
100 1 _aTERECHINA, A.J.
245 0 _aAnaliz dannych metodami mnogomernego skalirovanija /
_cA.J. Terechina.
260 _aMoskva,
_c1986.
040 _cBPK
041 _apol
942 _cKS
008 s pl f |000 0 pol
999 _c23095
_d23095
856 _uhttp://koha.tu.koszalin.pl/cgi-bin/koha/opac-detail.pl?biblionumber=23095
_yKatalog online BPK